Normal view
MARC view
- Fatima, Syeda Urooj
Entry Personal Name
001 - CONTROL NUMBER
- control field: 131204
003 - CONTROL NUMBER IDENTIFIER
- control field: NUST
005 - DATE AND TIME OF LATEST TRANSACTION
- control field: 20251016111830.0
008 - FIXED-LENGTH DATA ELEMENTS
- fixed length control field: 251016|| aca||aabn | a|a d
040 ## - CATALOGING SOURCE
- Original cataloging agency: NUST
- Transcribing agency: NUST
100 ## - HEADING--PERSONAL NAME
- Personal name: Fatima, Syeda Urooj
670 ## - SOURCE DATA FOUND
- Source citation: Work cat.: (NUST): Fatima, Syeda Urooj, Machine Learning–Based Assessment of Interdisciplinary Education: Integrating Academic, Behavioral, and Psychological Insights/
